skbl

Dr Suryya Kumar Bhuyan Library Web-OPAC
ডঃ সূৰ্য্য
কুমাৰ ভূঞা পুথিভঁৰাল ৱেব-অ'পেক

All Research Scholars are advised to clear the annual library fees to continue using Library Resources, Remote Access, Plagiarism Test and Library Clearance.

Cotton University Book Fair 2026

A new look at modern Indian history : (Record no. 65661)

MARC details
000 -LEADER
fixed length control field 00543nam a2200181Ia 4500
001 - CONTROL NUMBER
control field 64561
008 - FIXED-LENGTH DATA ELEMENTS--GENERAL INFORMATION
fixed length control field 210405n2018 ii |||gr||||Z||||||465
020 ## - INTERNATIONAL STANDARD BOOK NUMBER
International Standard Book Number 9789352534340
082 ## - DEWEY DECIMAL CLASSIFICATION NUMBER
Classification number 954
100 ## - MAIN ENTRY--PERSONAL NAME
Personal name Grover, B.L.,
Relator term Author.
245 #0 - TITLE STATEMENT
Title A new look at modern Indian history :
Remainder of title from 1707 to the modern times /
Statement of responsibility, etc. B.L. Grover .
Medium Textual Documents
250 ## - EDITION STATEMENT
Edition statement 32nd ed.
260 ## - PUBLICATION, DISTRIBUTION, ETC.
Place of publication, distribution, etc. Assam
Name of publisher, distributor, etc. S.Chand & Company Ltd.
Date of publication, distribution, etc. 2018
300 ## - PHYSICAL DESCRIPTION
Extent xxx, 580 p.:
Dimensions 22 cm.
653 ## - INDEX TERM--UNCONTROLLED
Uncontrolled term South Asia India
700 ## - ADDED ENTRY--PERSONAL NAME
Personal name Mehta, Alka,
Relator term Author.
942 ## - ADDED ENTRY ELEMENTS (KOHA)
Source of classification or shelving scheme Dewey Decimal Classification
Koha item type Books
Holdings
Withdrawn status Lost status Damaged status Not for loan Collection Home library Current library Date acquired Source of acquisition Coded location qualifier Cost, normal purchase price Total checkouts Full call number Barcode Date last seen Date last checked out Copy number Price effective from Koha item type Public note
          Dr. Suryya Kumar Bhuyan Library Dr. Suryya Kumar Bhuyan Library 05/04/2021 28 00000 550.00 2 954 G89N 2551/cu/pol 16/06/2025 16/05/2025 1 05/04/2021 Books 28

Designed and Maintained by Team SKBL
©1901-2026

Powered by Koha